Modern practice in steam condensing plants : A Practical Treatise (Record no. 1778)

000 -LEADER
fixed length control field 00443nam a22001577a 4500
008 - FIXED-LENGTH DATA ELEMENTS--GENERAL INFORMATION
fixed length control field 200203b ||||| |||| 00| 0 eng d
082 00 - DEWEY DECIMAL CLASSIFICATION NUMBER
Classification number 621.19
Item number W9471
100 ## - MAIN ENTRY--PERSONAL NAME
9 (RLIN) 1389
Personal name Wright, Arthur R.
245 10 - TITLE STATEMENT
Title Modern practice in steam condensing plants : A Practical Treatise
250 ## - EDITION STATEMENT
Edition statement 1st
260 ## - PUBLICATION, DISTRIBUTION, ETC. (IMPRINT)
Place of publication, distribution, etc London
Name of publisher, distributor, etc Technical press
Date of publication, distribution, etc 1925
300 ## - PHYSICAL DESCRIPTION
Extent xv,309p.
365 ## - TRADE PRICE
Unit of pricing 17.03
650 #0 - SUBJECT ADDED ENTRY--TOPICAL TERM
Topical term or geographic name as entry element Steam Condensers
942 ## - ADDED ENTRY ELEMENTS (KOHA)
Item type Books
Holdings
Withdrawn status Lost status Source of classification or shelving scheme Damaged status Not for loan Permanent location Current location Date acquired Source of acquisition Full call number Barcode Date last seen Koha item type
          IMU Kolkata IMU Kolkata 1953-02-25 A. H. Wheeler 621.19 W9471 01502 2020-02-03 Books
  Lost       IMU Kolkata IMU Kolkata 1953-02-25 A. H. Wheeler 621.19 W9471 01501 2020-07-24 Books
Designed and Maintained by IMU-KC Library, Kolkata Campus © Copyright All Rights Reserved

webs counters

Powered by Koha